000 00358nam a2200157Ia 4500
003 Ost
005 20260225132559.0
008 260225s9999||||xx |||||||||||||| ||und||
040 _cfsic
041 _afre
082 _a302.23
100 _aHenry h. Schulte
_eAuteur
245 0 _aPratique du Journalisme /
245 0 _cHenry h. Schulte
942 _cكتاب
999 _c34647
_d34647